Les plus gros transferts du football - Arrières droits - 2016-2017 - Statistiques

Statistiques générales
  • Ce quiz a été pris 20 fois
  • Le résultat moyen est 4 sur 12
Statistiques - réponses
Montant de transfert (M €) Nationalité Venant de Allant à Joueur % Correct
15,00 France LOSC Lille AS Monaco Djibril Sidibé
100%
6,00 Belgique Club Bruges Paris SG Thomas Meunier
94%
14,00 Croatie Sassuolo Atlético Madrid Sime Vrsaljko
65%
4,00 Chile Juventus Turin Cagliari Calcio Mauricio Isla
41%
5,90 États-Unis Tottenham Newcastle United DeAndre Yedlin
35%
4,70 Cameroun Watford West Bromwich Allan Nyom
18%
6,00 Mexique Watford FC Porto Miguel Layún
18%
8,90 Pays-Bas Newcastle United Watford Daryl Janmaat
12%
8,28 Chine Liaoning FC Beijing Guoan Taiyan Jin
12%
4,00 Espagne FC Sevilla FC Schalke 04 Coke
6%
10,95 Chine SD Luneng Hebei China Fortune Mingjian Zhao
0%
4,00 Suisse / Autriche Grasshoppers Rubin Kazan Moritz Bauer
0%
Aucun quiz correspondant
Distribution des résultats
% des personnes avec chaque résultat
Percentile par nombre de réponses
Votre historique - résultats
Vous n’avez pas pris ce quiz